English Premier League Top Goalscorers (2017-2018 Season) - Statistics

General Stats
  • This quiz has been taken 103 times
  • The average score is 11 of 20
Answer Stats
Answer % Correct
Arsenal 14 Alexandre Lacazette
95%
Liverpool 32 Mohamed Salah
88%
Manchester City 21 Sergio Aguero
88%
Tottenham Hotspur 30 Harry Kane
87%
Chelsea 12 Eden Hazard
84%
Leicester City 20 Jamie Vardy
84%
Bournemouth 8 Joshua King & Callum Wilson
76%
Manchester United 16 Romelu Lukaku
71%
Brighton & Hove Albion 12 Glenn Murray
66%
Burnley 10 Chris Wood
62%
Everton 10 Wayne Rooney
49%
West Ham 11 Marko Arnautovic
41%
Stoke City 8 Xherdan Shaqiri
40%
Southampton 7 Charlie Austin
33%
Newcastle United 8 Ayoze Perez
32%
West Brom 7 Jay Rodriguez & Salomon Rondon
28%
Crystal Palace 10 Luka Milivojevic
28%
Huddersfield Town 7 Steve Mounie
26%
Swansea City 7 Jordan Ayew
23%
Watford 7 Abdoulaye Doucoure
16%
No matching quizzes found
Score Distribution
Percent of People with Each Score
Percentile by Number Answered
Your Score History
You have not taken this quiz